000 00633nam a2200229Ia 4500
005 20250108125005.0
008 008 250107s9999 xx 000 0 eng d
020 _a978-93-82695-68-4
037 _aTB
040 _aCRL
_beng
_cCRL
041 _aeng
_2eng
084 _aO152,1x R3
084 _qCRL
100 _aShankardevananda Au.
_9730238
245 0 _aPractices of yoga for the digestive system
_cShankardevananda Au.
260 _aBihar, India
_bYoga Publications
_c2909
300 _axii,280p.
365 _aINR
_b390
650 _aSPIRITUALISM
942 _cTB
_hO152,1x R3
999 _c1235297
_d1235297